| 000 | 00721cam a2200205 a 4500 | ||
|---|---|---|---|
| 020 | _a0203961080 (ebk.) | ||
| 020 | _a0415409705 (hbk. : alk. paper) | ||
| 020 | _a9780203961087 (ebk.) | ||
| 020 | _a9780415409704 (hbk. : alk. paper) | ||
| 082 | 0 | 0 |
_a625.84 _bDEL _cN-02, P-05 |
| 100 | 1 |
_aDelatte, Norbert J. _943821 |
|
| 245 | 1 | 0 |
_aConcrete pavement design, construction, and performance / _cNorbert Delatte. |
| 260 |
_aLondon ; _aNew York : _bTaylor & Francis, _c2008. |
||
| 300 |
_axiv, 372 p. : _bill. ; _c24 cm. |
||
| 526 |
_a0 _b0 _c0 _d625_840000000000000_DEL |
||
| 650 | 0 |
_amce _9379 |
|
| 650 | 0 |
_aPavements, Concrete. _920053 |
|
| 856 | 4 | 1 | _uhttp://www.loc.gov/catdir/toc/ecip079/2007001787.html |
| 942 |
_2ddc _cBK |
||
| 999 |
_c547677 _d547677 |
||